Кн. 1: 450 полезных схем радиолюбителям; Практическая схемотехника

Bibliographic Details
Parent link:Практическая схемотехника/ М. А. Шустов. Кн. 1: 450 полезных схем радиолюбителям.— , 2003-2004
Summary:Сборник схем, сгруппированных по основным направлениям современной радиоэлектроники, предназначен для ознакомления начинающих и подготовленных радиолюбителей с основами создания узлов и аналогов элементов радиоэлектронных устройств.
Language:Russian
Published: 2003
Subjects:
Format: Book
KOHA link:https://koha.lib.tpu.ru/cgi-bin/koha/opac-detail.pl?biblionumber=47968

MARC

LEADER 00000nam2a2200000 4500
001 47968
005 20231031030814.0
010 |a 5942710023 
035 |a (RuTPU)RU\TPU\book\50159 
090 |a 47968 
100 |a 20030227d2003 k y0rusy50 ca 
101 0 |a rus 
102 |a RU 
105 |a a z 001zy 
200 0 |a Кн. 1: 450 полезных схем радиолюбителям 
210 |d 2003 
215 |a 351 с.  |c схемы 
320 |a Библиогр.: с. 336-350. 
330 |a Сборник схем, сгруппированных по основным направлениям современной радиоэлектроники, предназначен для ознакомления начинающих и подготовленных радиолюбителей с основами создания узлов и аналогов элементов радиоэлектронных устройств. 
461 1 |0 (RuTPU)RU\TPU\book\50515  |t Практическая схемотехника  |f М. А. Шустов  |v Кн. 1: 450 полезных схем радиолюбителям  |d 2003-2004 
610 1 |a радиоэлектроника 
610 1 |a схемотехника 
610 1 |a схемы 
610 1 |a радиоэлектронные устройства 
610 1 |a элементы 
610 1 |a узлы 
610 1 |a генераторы 
610 1 |a питание 
610 1 |a электропитание 
610 1 |a труды учёных ТПУ 
610 1 |a справочные издания 
610 1 |a источники 
675 |a 621.396.6:621.382(035)  |v 3 
801 1 |a RU  |b 63413507  |c 20030227  |g PSBO 
801 2 |a RU  |b 63413507  |c 20160811  |g PSBO 
942 |c BK